000 00621cam a2200169 4500
001 WB3530-15
008 000000n 000 0 eng u
035 _a(Sirsi) u102069
245 _aRegional bodies.
490 _aGuardian
_v4 August 1999, 4(1)
520 _aThe prospect of regional assemblies in England looks increasingly unlikely as there seems to be little support for the idea in the regions, and the Prime Minister is worried that the assemblies may become alternative power bases.
650 _aENGLAND
650 _aREGIONS
650 _aREGIONAL ASSEMBLIES
690 _aECONOMIC AND SOCIAL
942 _n0
999 _c61161
_d61161